000 00261nam a2200109Ia 4500
008 190919s9999||||xx |||||||||||||| ||und||
100 _aHawkin,Terry
245 0 _aFrench Key Stage 3
260 _aKarachi
_bTata McGraw Hill
_c2006
300 _a326
942 _cBK
999 _c11460
_d11460